Sanat: "Ihanasti sanottu" - Leevi and the Leavings - Statistics

Yleistilastot
  • Tätä visaa on pelattu 41 kertaa
  • Keskiarvotulos 72 / 108
Vastaustilastot
Vastaus % Oikein
100%
100%
ihanasti
95%
on
95%
sanottu
95%
Ja
90%
ja
90%
se
90%
86%
annettu
76%
Elämä
76%
elämää
76%
pitkä
76%
puutelista
76%
silloin
76%
suudelmista
76%
tällöin
76%
täyttyy
76%
varten
76%
kun
71%
oo
71%
ei
67%
Mitä
67%
mitä
67%
oon
67%
saanut
67%
aamuun
62%
arvokas
62%
asti
62%
kaatunut
62%
lasti
62%
ois
62%
rattoisasti
62%
riidelty
62%
taas
62%
tunnelma
62%
katkerasti
57%
ne
57%
auki
52%
haavat
52%
revitty
52%
saavat
52%
vaan
52%
vuotaa
52%
keskusteltu
48%
kiemurreltu
48%
kunnolla
48%
tehdä
48%
ollut
43%
verran
43%
viikon
43%
voit
43%
Jos
38%
kerran
38%
voin
38%
auon
33%
kateissa
33%
oot
33%
päätäni
33%
valheita
33%
itsekään
29%
lauon
29%
sulle
29%
uskon
29%
vain
29%
keneen
24%
luottanut
24%
Niin
19%
Tuskin
19%
Ehtoja vastaavia visoja ei löytynyt
Tulosjakauma
Jokaisen tuloksen saaneiden osuus
Persentiili vastausten määrän mukaan
Tuloshistoriasi
Et ole pelannut tätä visaa